मराठी मुशायरा (Record no. 46255)

MARC details
000 -LEADER
fixed length control field 00580nam a2200181Ia 4500
008 - FIXED-LENGTH DATA ELEMENTS--GENERAL INFORMATION
fixed length control field 090123s9999 xx 000 0 und d
082 ## - DEWEY DECIMAL CLASSIFICATION NUMBER
Item number 8189
100 ## - MAIN ENTRY--PERSONAL NAME
Personal name पाटणकर भाऊसाहेब
245 ## - TITLE STATEMENT
Title मराठी मुशायरा
250 ## - EDITION STATEMENT
Edition statement 2
260 ## - PUBLICATION, DISTRIBUTION, ETC. (IMPRINT)
Name of publisher, distributor, etc संजय प्रकाशन
300 ## - PHYSICAL DESCRIPTION
Extent 66
600 ## - SUBJECT ADDED ENTRY--PERSONAL NAME
Personal name पाटणकर भाऊसाहेब
630 ## - SUBJECT ADDED ENTRY--UNIFORM TITLE
Uniform title मराठी मुशायरा
700 ## - ADDED ENTRY--PERSONAL NAME
Personal name पाटणकर भाऊसाहेब
730 ## - ADDED ENTRY--UNIFORM TITLE
Uniform title मराठी मुशायरा
942 ## - ADDED ENTRY ELEMENTS (KOHA)
Koha item type Book
Holdings
Withdrawn status Lost status Damaged status Not for loan Home library Current library Date acquired Cost, normal purchase price Total Checkouts Full call number Barcode Date last seen Cost, replacement price Price effective from Koha item type
        Jawahar Wachalanalaya, Kalwa Jawahar Wachalanalaya, Kalwa 03/31/2002 8.00   8189 KLW-8189 01/23/2009 8.00 01/23/2009 Book